L'annonce faite a Marie / (Record no. 18134)
[ view plain ]
| 000 -CABECERA | |
|---|---|
| campo de control de longitud fija | 00646cam a2200217 a 4500 |
| 001 - NÚMERO DE CONTROL | |
| campo de control | 000018614 |
| 005 - FECHA Y HORA DE LA ÚLTIMA TRANSACCIÓN | |
| campo de control | 20200929165830.0 |
| 008 - DATOS DE LONGITUD FIJA--INFORMACIÓN GENERAL | |
| campo de control de longitud fija | 810310s1940 fr 000 0 fre d |
| 040 ## - FUENTE DE LA CATALOGACIÓN | |
| Centro catalogador/agencia de origen | DO-SdBNP |
| Lengua de catalogación | fre |
| Centro/agencia transcriptor | LC |
| Centro/agencia modificador | BNPHU |
| 082 ## - NÚMERO DE LA CLASIFICACIÓN DECIMAL DEWEY | |
| Número de clasificación | 841.914 |
| Número de documento/Ítem | C615a |
| 049 ## - FONDOS LOCALES (OCLC) | |
| Fondos de biblioteca | BNGR |
| 100 1# - ENTRADA PRINCIPAL--NOMBRE DE PERSONA | |
| Nombre de persona | Claudel, Paul, |
| Fechas asociadas al nombre | 1868-1955. |
| 9 (RLIN) | 6174 |
| 245 12 - MENCIÓN DE TÍTULO | |
| Título | L'annonce faite a Marie / |
| Mención de responsabilidad, etc. | Paul Claudel. |
| 260 ## - PUBLICACIÓN, DISTRIBUCIÓN, ETC. | |
| Lugar de publicación, distribución, etc. | Paris : |
| Nombre del editor, distribuidor, etc. | Gallimard, |
| Fecha de publicación, distribución, etc. | 1940. |
| 300 ## - DESCRIPCIÓN FÍSICA | |
| Extensión | 240 p. ; |
| Dimensiones | 17 cm. |
| 490 1# - MENCIÓN DE SERIE | |
| Mención de serie | Le Livre de Poche, |
| Designación de volumen o secuencia | 980 |
| 650 #4 - PUNTO DE ACCESO ADICIONAL DE MATERIA--TÉRMINO DE MATERIA | |
| Término de materia o nombre geográfico como elemento de entrada | Poesía francesa |
| 9 (RLIN) | 4916 |
| 650 #4 - PUNTO DE ACCESO ADICIONAL DE MATERIA--TÉRMINO DE MATERIA | |
| Término de materia o nombre geográfico como elemento de entrada | Literatura francesa |
| 9 (RLIN) | 1074 |
| 830 #0 - PUNTO DE ACCESO ADICIONAL DE SERIE-TÍTULO UNIFORME | |
| Título uniforme | Le Livre de Poche, |
| Designación de volumen o secuencia | 980 |
| 9 (RLIN) | 39384 |
| 910 ## - DATOS DE OPCIÓN DEL USUARIO (OCLC) | |
| Datos de opción del usuario | Catalogación derivada / LC |
| Estado de retiro | Estado de pérdida | Restricciones de uso | No para préstamo | Código de colección | Localización permanente | Ubicación/localización actual | Ubicación en estantería | Fecha de adquisición | Número de inventario | Total de préstamos | Signatura topográfica completa | Código de barras | Fecha visto por última vez | Precio válido a partir de | Tipo de ítem Koha |
|---|---|---|---|---|---|---|---|---|---|---|---|---|---|---|---|
| Préstamo interno | Monografías: Libros y Folletos | General | General | En catalogación | 12.05.2010 | LF1 | 841.914 C615a | 18614-10 | 25.06.2020 | 25.06.2020 | Préstamo interno |
